LEADER 01268nam 2200409 450 001 9910583080003321 005 20230120002721.0 010 $a0-12-803774-1 010 $a0-12-803766-0 035 $a(CKB)4100000001115583 035 $a(MiAaPQ)EBC5153661 035 $a(EXLCZ)994100000001115583 100 $a20171220h20172017 uy 0 101 0 $aeng 135 $aurcnu|||||||| 181 $2rdacontent 182 $2rdamedia 183 $2rdacarrier 200 10$aBioinspired legged locomotion $emodels, concepts, control and applications /$fMaziar A. Sharbafi, Andre? Seyfarth 210 1$aOxford, England ;$aCambridge, Massachusetts :$cButterworth-Heinemann,$d2017. 210 4$dİ2017 215 $a1 online resource (671 pages) $ccolor illustrations 320 $aIncludes bibliographical references at the end of each chapters and index. 606 $aRobotics 606 $aHuman locomotion 615 0$aRobotics. 615 0$aHuman locomotion. 676 $a629.892 700 $aSharbafi$b Maziar A.$0944597 702 $aSeyfarth$b Andre? 801 0$bMiAaPQ 801 1$bMiAaPQ 801 2$bMiAaPQ 906 $aBOOK 912 $a9910583080003321 996 $aBioinspired legged locomotion$92132402 997 $aUNINA LEADER 01355nam 2200373Ia 450 001 9910698978303321 005 20090618112232.0 035 $a(CKB)5470000002398090 035 $a(OCoLC)402467268 035 $a(EXLCZ)995470000002398090 100 $a20090618d2008 ua 0 101 0 $aeng 135 $aurnn||||||||| 181 $ctxt$2rdacontent 182 $cc$2rdamedia 183 $acr$2rdacarrier 200 10$aGuide to broker-dealer registration$b[electronic resource] /$fU.S. Securities and Exchange Commission, Division of Trading and Markets 210 1$a[Washington, D.C.] :$cU.S. Securities and Exchange Commission, Division of Trading and Markets,$d[2008] 215 $a1 electronic text $cHTML file 300 $aTitle from title screen (viewed June 18, 2009). 300 $a"April 2008." 320 $aIncludes bibliographical references. 517 3 $aGuide to broker dealer registration 606 $aBrokers$vRegisters$vHandbooks, manuals, etc 606 $aIndividual investors$xServices for$zUnited States$vHandbooks, manuals, etc 608 $aHandbooks and manuals.$2lcgft 615 0$aBrokers 615 0$aIndividual investors$xServices for 801 0$bGPO 801 1$bGPO 906 $aBOOK 912 $a9910698978303321 996 $aGuide to broker-dealer registration$93149250 997 $aUNINA